00676nam a22001817a 4500008004100000020001500041050002100056100002100077245011200098250001100210260005600221300004800277500002000325650004300345650004200388650004000430700002400470170321b xxu||||| |||| 00| 0 eng d a0132375796 aQP 44b.T67 1996 aTortora Gerard J aLaboratory exercises in anatomy and physiology with cat dissections /cGerard J Tortora; Robert B Tallitsch a5th ed aUpper Saddle River, N.J. : bPrentice Hall, c1996. axvii, 669 p. :bill. (some col.) ; c28 cm. aIncludes index. aHuman physiology y Laboratory manuals aCatsxDissectiony Laboratory manuals a Human anatomyx Laboratory manuals aTallitsch Robert B